Bài toán biên thứ nhất đối với hệ Parabolic trong hình trụ với biên không trơn : Giáo trình Sau đại học
Cuốn sách chuyên khảo về "Bài toán biên thứ nhất đối với hệ parabolic trong hình trụ với biên không trơn" được viết trên cơ sở các kết quả đã và đang nghiên cứu của seminar phương trình đạo hàm riêng thuộc bộ môn Giải tích của Kho...
Đã lưu trong:
| 主要作者: | |
|---|---|
| 格式: | 图书 |
| 语言: | Undetermined |
| 出版: |
Hà Nội
Đại học Sư phạm Hà Nội
2006
|
| 主题: | |
| 标签: |
添加标签
没有标签, 成为第一个标记此记录!
|
| Thư viện lưu trữ: | Trung tâm Học liệu Trường Đại học Cần Thơ |
|---|
| LEADER | 01557nam a2200217Ia 4500 | ||
|---|---|---|---|
| 001 | CTU_119556 | ||
| 008 | 210402s9999 xx 000 0 und d | ||
| 020 | |c 14000 | ||
| 082 | |a 515.353 | ||
| 082 | |b H513 | ||
| 100 | |a Nguyễn, Mạnh Hùng | ||
| 245 | 0 | |a Bài toán biên thứ nhất đối với hệ Parabolic trong hình trụ với biên không trơn : | |
| 245 | 0 | |b Giáo trình Sau đại học | |
| 245 | 0 | |c Nguyễn Mạnh Hùng, Phạm Triều Dương | |
| 260 | |a Hà Nội | ||
| 260 | |b Đại học Sư phạm Hà Nội | ||
| 260 | |c 2006 | ||
| 520 | |a Cuốn sách chuyên khảo về "Bài toán biên thứ nhất đối với hệ parabolic trong hình trụ với biên không trơn" được viết trên cơ sở các kết quả đã và đang nghiên cứu của seminar phương trình đạo hàm riêng thuộc bộ môn Giải tích của Khoa Toán - Tin, trường Đại học sư phạm Hà Nội. Cuốn sách được viết trước tiên cho trụ hữu hạn [2, 3, 38-39, 45-46, 50] sau đó chuyển sang trụ vô hạn [22-24]. Phương pháp nghiên cứu cơ bản được đưa ra ở đây là phương pháp Galerkin và phương pháp chuyển về bài toán eliptic đã được nghiên cứu [11, 13, 17-21, 35-37, 41-44, 47] | ||
| 650 | |a Differential equations | ||
| 904 | |i Hiếu | ||
| 980 | |a Trung tâm Học liệu Trường Đại học Cần Thơ | ||